[Event "9th Hainan Danzhou GM 2018"]
[Site "Danzhou"]
[Date "2018.07.27"]
[Round "1"]
[White "Yu, Yangyi"]
[Black "Le, Quang Liem"]
[Result "1/2-1/2"]
[WhiteElo "2762"]
[BlackElo "2728"]
[Annotator "TA"]
[PlyCount "73"]
[EventDate "2018.07.27"]
[EventType "tourn"]
[EventCountry "CHN"]
[SourceTitle "playchess.com"]
[Source "ChessBase"]
[SourceQuality "1"]

{[%evp 16,73,25,25,23,19,12,20,17,11,27,7,8,9,9,16,27,26,20,16,16,28,36,43,55,36,39,35,52,32,62,62,64,71,67,9,10,0,0,0,0,0,8,8,8,8,17,8,11,8,12,8,8,8,8,0,8,0,8,0]} 1. d4 Nf6 2. c4 e6 3. g3 d5 4. Bg2 Bb4+ 5. Nd2 O-O 6. Ngf3 dxc4 {E01: Catalan: Early deviations} (6... b6 7. O-O Bb7 8. b3 c5 9. Bb2 Nbd7 10. a3 Bxd2 11. Nxd2 cxd4 12. Bxd4 Rc8 13. b4 Qe7 14. Rc1 Rfd8 15. Qb3 dxc4 16. Nxc4 Bxg2 17. Kxg2 {0-1 (55) Ding,L (2777)-Carlsen,M (2837) Riadh 2017}) 7. a3 Bxd2+ 8. Bxd2 Nc6 9. e3 {LiveBook: 6 Games} b5 10. b3 Bb7 11. bxc4 bxc4 12. Rc1 a5 13. Rxc4 Ne7 14. Rc5 Ne4 $146 15. Rc1 Bd5 16. O-O Qd6 17. Ne5 Qxa3 18. Ra1 Qb2 19. Bxa5 Ng6 20. Qb1 Qxb1 21. Rfxb1 Nxe5 22. dxe5 c6 23. f3 Nc5 24. Bb4 Nb3 25. Rxa8 (25. Bxf8 $14 Nxa1 26. Bd6) 25... Rxa8 $11 {The position is equal.} 26. e4 Bc4 27. Bf1 Bxf1 28. Rxb3 {[%mdl 4096] Endgame KRB-KRB} Bb5 29. Ra3 (29. g4 {looks sharper.} g5 30. Be7 h6 31. h4 gxh4 32. Bxh4 Ra2 33. Bf2) 29... Rxa3 30. Bxa3 {KB-KB} Kh8 31. Kf2 Kg8 32. Bc5 h5 33. h4 Ba4 34. Bb4 Bb5 35. Bc5 Ba4 36. Bb4 Bb5 37. Bc5 {Precision: White = 58%, Black = 63%.} 1/2-1/2

[Event "9th Hainan Danzhou GM 2018"]
[Site "Danzhou"]
[Date "2018.07.27"]
[Round "1"]
[White "Wei, Yi"]
[Black "Fedoseev, Vladimir"]
[Result "1/2-1/2"]
[WhiteElo "2729"]
[BlackElo "2707"]
[Annotator "TA"]
[PlyCount "91"]
[EventDate "2018.07.27"]
[EventType "tourn"]
[EventCountry "CHN"]
[SourceTitle "playchess.com"]
[Source "ChessBase"]
[SourceQuality "1"]

{[%evp 16,91,19,14,17,0,17,3,0,-4,8,-10,27,18,29,27,35,29,50,28,53,22,33,0,1,0,0,0,0,0,0,0,0,0,0,0,21,0,2,0,0,-9,0,-5,-1,-14,0,0,0,-16,-23,-22,-22,-22,-22,-22,-8,-8,-8,-8,-8,-8,-8,-8,-8,-12,0,0,0,0,0,0,0,0,0,0,0,-3]} 1. d4 d5 2. Nf3 Nf6 3. c4 e6 4. g3 Bb4+ 5. Bd2 Be7 6. Bg2 O-O 7. O-O Nbd7 8. Qc2 c6 9. Rc1 {LiveBook: 24 Games. E11: Bogo-Indian} Re8 10. b3 $146 ({Predecessor:} 10. Bf4 Nh5 11. Be3 Nhf6 12. Nc3 dxc4 13. Bg5 h6 14. Bxf6 Bxf6 15. Rd1 Qc7 16. Ne4 Be7 17. Qxc4 {½-½ (46) Dubov,D (2696)-Khismatullin,D (2632) Sochi 2018}) 10... Ne4 11. Nc3 Nxd2 12. Nxd2 g6 13. Rab1 Qa5 14. e4 dxe4 15. Ncxe4 ({Reject} 15. Bxe4 f5 $15) 15... f5 16. Nc3 e5 17. b4 $1 {[%cal Rb4a5]} Qd8 18. dxe5 Nxe5 19. Re1 Bf6 20. Rbd1 Bd7 21. Nb3 Qc7 22. Nc5 Rad8 23. Nxd7 Nxd7 24. Ne2 Ne5 25. Nf4 Qf7 26. c5 Kg7 27. h3 Rd7 28. a3 Rde7 {[#] White must now prevent ...Nf3+!} 29. Nd3 Qc4 30. Qb1 a5 31. Nxe5 Bxe5 32. Qd3 Qc3 33. Qxc3 Bxc3 {The position is equal.} 34. Rxe7+ Rxe7 $11 {[%mdl 4096] Endgame KRB-KRB} 35. Rb1 axb4 36. axb4 Re2 37. b5 Bd4 38. bxc6 bxc6 39. Rf1 Bxc5 40. Bxc6 h5 41. Kg2 Kf6 42. h4 Rb2 43. Bf3 Rd2 44. Kg1 Kg7 45. Kg2 Kh6 46. Kg1 {Precision: White = 54%, Black = 55%.} 1/2-1/2

[Event "9th Hainan Danzhou GM 2018"]
[Site "Danzhou"]
[Date "2018.07.27"]
[Round "1"]
[White "Vidit, Santosh Gujrathi"]
[Black "Duda, Jan-Krzysztof"]
[Result "0-1"]
[WhiteElo "2718"]
[BlackElo "2737"]
[Annotator "TA"]
[PlyCount "140"]
[EventDate "2018.07.27"]
[EventType "tourn"]
[EventCountry "CHN"]
[SourceTitle "playchess.com"]
[Source "ChessBase"]
[SourceQuality "1"]

{[%evp 23,140,4,24,-3,9,9,9,8,11,11,9,9,8,2,3,7,0,7,22,25,28,35,38,25,29,31,62,60,18,-23,-16,-17,-21,-28,-21,-21,0,0,0,22,65,52,62,-111,-99,-215,-207,-355,-366,-610,-616,-609,-603,-841,-533,-532,-498,-447,-364,-322,-144,-537,-544,-512,-515,-513,-353,-948,-811,-967,-806,-683,-218,-339,-246,-331,-276,-229,0,-245,-248,-248,-248,-248,-248,-248,-248,-1167,-1116,-927,-852,-1689,-1559,-1569,-1421,-1277,-1197,-1047,-907,-901,-243,-822,-809,-748,-688,-5197,-5202,-5181,-3631,-29973,-6560,-29992,-29993,-29993,-29994,-29994,-29995,-29996,-29997]} 1. e4 e6 2. d4 d5 3. Nc3 Nf6 4. e5 Nfd7 5. f4 c5 6. Nf3 Nc6 7. Be3 Qb6 8. Na4 Qa5+ 9. c3 b6 10. Bd2 c4 11. b4 Qa6 {C11: Französische Verteidigung} (11... Nxb4 12. cxb4 Bxb4 13. Qc2 Bxd2+ 14. Nxd2 b5 15. Nc3 b4 16. Nd1 f6 17. Nf3 fxe5 18. fxe5 Bb7 19. a3 {1-0 (34) Kokarev,D (2634)-Savchenko,B (2613) Khanty-Mansiysk 2016}) 12. Nb2 b5 {LiveBook: 4 Partien} 13. a3 $146 ({Vorgänger:} 13. a4 bxa4 14. Be2 a3 15. Na4 Qb5 16. Rxa3 a5 17. Nc5 Rb8 18. Qa4 axb4 19. Qxb5 Rxb5 20. cxb4 Nxb4 {½-½ (45) Kukel,I (2321)-Lipka,J (2438) Zvolen 2008}) 13... Qb7 {Die Stellung ist ausgeglichen.} 14. Be2 Be7 15. O-O a5 16. Qe1 O-O 17. Rc1 f5 18. Nd1 Nb6 19. Ne3 Bd7 20. Bd1 axb4 21. axb4 Ra3 22. Bc2 Na4 23. Ra1 Rxa1 24. Qxa1 Nxc3 25. Bxc3 Nxb4 26. Qb1 Nc6 27. g4 {[%cal Rg4f5]} g6 $1 28. gxf5 gxf5 29. Kh1 b4 30. Rg1+ Kh8 31. Ba4 $1 Nxe5 32. Nxe5 Bxa4 33. Bd2 $2 (33. Qb2 $14 {bleibt weiter vorne.}) 33... Bd6 34. Qf1 (34. Be1 $17) 34... c3 $19 35. Be1 (35. Bc1 {ist wohl besser.}) 35... Bb5 $1 {[%cal Rb5f1]} 36. Qh3 $2 (36. Qf2 Bxe5 37. fxe5) 36... Bxe5 $1 37. fxe5 {Beabsichtigt Dh6 und Matt.} Bd3 $1 38. Rg5 Be4+ 39. Kg1 Qe7 40. Qh6 {Droht stark Lh4.} Qxg5+ 41. Qxg5 Rg8 $36 {[%mdl 2048] Läuft bei Schwarz.} 42. Qg3 $2 {[%mdl 8192]} (42. Qxg8+ $17 {nur so!} Kxg8 43. Kf2) 42... Rxg3+ 43. hxg3 Kg7 44. Kh2 Kg6 45. Kh3 $2 (45. Kg1 Kg5 46. Kf2) 45... Kh5 46. Kh2 Bf3 47. Kg1 Kg6 $2 (47... Kg5 48. Kf2 Be4) 48. Kf2 (48. Nf1 {war die einzige Chance.}) 48... Be4 49. Ke2 Kg5 50. Kf2 {Wenn Weiss jetzt Zeit für Sd1 hätte...} Kg6 {[%mdl 1024] Schwarz hat starke Kompensation.} 51. Ke2 h5 52. Kf2 Kf7 53. Ke2 Ke8 54. Kd1 Kd7 55. Kc1 $2 (55. Nc2 b3 56. Na3) 55... Kc6 56. Nd1 Kb5 57. Ne3 Ka4 58. Nd1 Kb3 59. Ne3 Bd3 60. Bf2 Ka4 61. Be1 Ka5 $2 (61... Kb5 62. Nd1 Kc4) 62. Nd1 $2 (62. Ng2 Kb5 63. Bxc3 $1 {[%mdl 512]} bxc3 64. Nf4) 62... Kb5 63. Ne3 Be4 64. Kd1 {[#]} f4 $1 {[%mdl 512]} 65. gxf4 {[#]} h4 $1 {[%cal Rh4h3][%mdl 512]} 66. f5 (66. Bxh4 b3) 66... h3 {( -> ...h2)} 67. f6 h2 {Schwarz setzt Matt.} 68. f7 h1=Q 69. f8=Q Bf3+ 70. Kc2 Qh2+ {Precision: Weiß = 42%, Schwarz = 72%.} 0-1

[Event "9th Hainan Danzhou GM 2018"]
[Site "Danzhou"]
[Date "2018.07.27"]
[Round "1"]
[White "Bu, Xiangzhi"]
[Black "Shankland, Samuel"]
[Result "1/2-1/2"]
[WhiteElo "2712"]
[BlackElo "2727"]
[Annotator "TA"]
[PlyCount "92"]
[EventDate "2018.07.27"]
[EventType "tourn"]
[EventCountry "CHN"]
[SourceTitle "playchess.com"]
[Source "ChessBase"]
[SourceQuality "1"]

{[%evp 14,92,20,21,27,10,6,0,0,0,0,0,59,37,61,58,43,54,54,56,50,58,51,31,175,177,147,121,233,234,234,232,222,91,91,91,91,91,91,105,87,89,122,118,93,76,114,93,191,191,354,350,402,400,391,388,595,388,381,348,362,176,210,141,141,141,162,141,141,132,141,132,141,133,140,132,132,0,132,0,132]} 1. Nf3 d5 2. g3 g6 3. Bg2 Bg7 4. d4 Nf6 {[%cal Bg8f6,Bf6d7,Bd7c5][%mdl 32]} 5. c4 dxc4 6. Qa4+ Nfd7 7. Nbd2 {[%cal Bb1d2,Bd2c4,Bc4e5][%mdl 32] D73: Fianchetto Grünfeld: 5 Nf3} (7. Qxc4 Nb6 8. Qb5+ Nc6 9. Ne5 O-O 10. Nxc6 bxc6 11. Qxc6 Rb8 12. O-O Bb7 13. Qc2 Bxg2 14. Kxg2 Qxd4 15. Na3 {0-1 (80) Gabuzyan,H (2571)-Ter Sahakyan,S (2563) Yerevan 2018}) 7... O-O 8. Nxc4 {LiveBook: 6 Games} c5 9. dxc5 {White has an edge.} Nxc5 10. Qa3 $1 {[%cal Ra3c5]} Nba6 $1 11. Bf4 Be6 12. Rc1 b5 $146 (12... Bxc4 $11 13. Rxc4 Ne6) ({Predecessor:} 12... Qd7 13. b4 Rfd8 14. Nfe5 Qb5 15. bxc5 {1-0 (15) Garcia Medinilla,D (1894)-Ribeiro,N (1804) LSS email 2007}) 13. Nce5 $1 $36 {[%mdl 2048] White fights for an advantage.} Rc8 14. O-O b4 15. Qe3 Bxa2 16. Ra1 Bd5 17. Rfd1 e6 18. Bh6 Qf6 {[#]} ({Better is} 18... f6 $14 19. Bxg7 Kxg7) 19. Ng4 $1 $18 {[%cal Rg4f6]} Qxb2 20. Nfe5 f5 (20... Bxe5 $16 21. Nxe5 (21. Qxe5 Qxe5 22. Nxe5 Rfd8 $11) 21... Qc3) 21. Bxg7 ({Don't play} 21. Bxd5 $6 exd5 22. Bxg7 Kxg7 $16) 21... Kxg7 22. Bxd5 exd5 {[#]} 23. Rxa6 (23. Nd3 $1 $18 {[%cal Rd3b2] and the rest is easy.} Nxd3 24. Rab1) 23... Nxa6 $16 24. Nd3 Qc3 25. Rc1 {[#]} Qxc1+ $1 {[%mdl 512]} 26. Nxc1 {Intending Qe5+ and mate.} fxg4 27. Nd3 h5 28. Qxa7+ Nc7 29. Nf4 Kh7 30. Qb7 b3 (30... Kh6 $16) 31. Qxb3 $18 Rxf4 $2 (31... Rf7 {was called for.} 32. Qd3 (32. Nxd5 Nxd5 33. Qxd5 Re7 $11) 32... Rg8 33. Nxh5 (33. Nxd5 Nxd5 34. Qxd5 Rgf8 $11) 33... Ne6) 32. gxf4 {[%mdl 4096] Endgame KQ-KRN} Ne6 {aiming for ...Rc1+.} 33. e3 Rc5 34. Qb6 Rc1+ 35. Kg2 Ng7 36. Qb7 d4 37. e4 (37. exd4 $142 {Black must now prevent d5.} Kh6 38. Qb2) 37... Rc3 38. e5 d3 39. Qd7 Rc4 40. Qxd3 Rxf4 41. Qd5 {Threatens to win with e6.} Rf8 42. Qd7 Re8 43. Qc7 Kh6 44. Qc1+ Kh7 45. Qc7 Kh6 46. Qc1+ Kh7 {Precision: White = 69%, Black = 50%.} 1/2-1/2

[Event "9th Hainan Danzhou GM 2018"]
[Site "Danzhou"]
[Date "2018.07.28"]
[Round "2"]
[White "Yu, Yangyi"]
[Black "Bu, Xiangzhi"]
[Result "0-1"]
[WhiteElo "2762"]
[BlackElo "2712"]
[Annotator "TA"]
[PlyCount "140"]
[EventDate "2018.07.27"]
[EventType "tourn"]
[EventCountry "CHN"]
[SourceTitle "playchess.com"]
[Source "ChessBase"]
[SourceQuality "1"]

{[%evp 16,140,22,23,39,35,51,54,55,60,56,58,60,65,49,39,44,0,8,17,66,75,86,47,44,40,40,18,29,24,18,14,17,10,14,0,0,0,0,-42,-42,-40,-28,-31,-25,-25,-26,-26,-28,-30,-8,-8,-8,-8,-8,-8,-10,-49,0,-47,-35,-43,-4,-4,0,0,7,-28,-28,-28,-28,-45,-26,-71,-71,-70,-70,-103,-104,-101,-89,-105,-97,-101,-95,-91,-97,-100,-99,-79,-70,-70,-70,-68,-66,-68,-54,-74,-73,-74,-63,-52,-56,-55,-30,-68,-67,-67,-37,-37,-37,-37,-37,-37,-37,-37,-37,-29969,-29973,-29977,-29979,-29982,-29983,-29989,-29990,-29990,-29991]} 1. e4 e5 2. Bc4 Nf6 3. d3 Nc6 4. Nf3 Bc5 5. O-O d6 6. c3 a6 7. a4 {C54: Giuoco Piano: 4 c3 Nf6, main lines with 5 d4 and 5 d3} Ba7 (7... O-O 8. Re1 h6 9. h3 Re8 10. Nbd2 Be6 11. b4 Bxc4 12. Nxc4 Ba7 13. Qc2 d5 14. Ne3 Bxe3 15. Bxe3 Qd7 {1-0 (44) Vachier Lagrave,M (2789)-Kramnik,V (2792) Paris 2018}) 8. Na3 O-O 9. Bg5 {LiveBook: 14 Games. The position is equal.} Be6 10. Re1 $146 ({Predecessor:} 10. b4 h6 11. Bh4 Re8 12. b5 Nb8 13. Nd2 c6 14. bxc6 bxc6 15. Bxe6 Rxe6 {½-½ (23) Fang,Y (2429)-Zhao,Z (2544) Danzhou 2016}) 10... Kh8 11. b4 Ne7 12. d4 Ng6 13. dxe5 Nxe5 14. Nxe5 dxe5 15. Bxe6 (15. Qf3 {with more complications.} Bd7 16. Red1 Qe7 17. Bb3 Rad8 18. Nc4) 15... fxe6 16. Be3 Bxe3 17. Rxe3 b5 18. h3 Qe8 19. Nc2 (19. axb5 {is more complex.} axb5 20. c4 bxc4 21. Qc2 Qc6 22. Rc1) 19... a5 20. axb5 Qxb5 21. bxa5 Rxa5 22. Rxa5 Qxa5 23. Ne1 Rb8 24. Kh2 h6 25. Qe2 Rb1 26. Nf3 Qa1 27. g3 Rb2 28. Nd2 Qc1 29. Rd3 Ra2 {[#] And now ...Ra1 would win.} 30. Kg2 Kh7 31. Qf1 Qc2 32. c4 Ne8 33. Qb1 Nd6 34. Qxc2 Rxc2 $11 {[%mdl 4096] Endgame KRN-KRN} 35. h4 Kg6 36. Kh3 h5 37. f3 {[%cal Bf2f3,Bf3g4,Bg4g5][%mdl 32]} Kf6 38. g4 hxg4+ 39. fxg4 Nxc4 40. Nf3 Re2 41. g5+ Kg6 42. Rc3 Nd6 43. Nxe5+ Kh5 44. Rxc7 Re3+ ({Much weaker is} 44... Nxe4 45. Rxg7 Re3+ 46. Kg2 $11) 45. Kg2 Rxe4 46. Nf7 Nf5 47. Kf3 Rxh4 48. Rc8 Kg6 49. Rc7 Rd4 50. Ra7 Rb4 51. Rd7 Kh5 52. Ra7 Rb1 53. Kf4 Rf1+ 54. Ke5 Re1+ 55. Kf4 Ne3 56. Nh8 Nd5+ 57. Kf3 Rf1+ 58. Ke4 g6 59. Rg7 Nf4 60. Nf7 Kg4 61. Ke5 $1 Re1+ 62. Kf6 $1 Nh5+ 63. Kxg6 Nxg7 64. Kxg7 $15 {KR-KN} Kf5 65. g6 e5 {[%cal Be6e5,Be5e4,Be4e3][%mdl 32] [#]} 66. Nh6+ $2 {[%mdl 8192]} (66. Nxe5 $1 $15 {[%mdl 512]} Kxe5 (66... Rxe5 67. Kf7) 67. Kf7) 66... Ke6 {Black mates.} 67. Nf7 e4 68. Ng5+ Ke7 69. Kh7 Rh1+ 70. Kg8 e3 {Precision: White = 53%, Black = 62%.} 0-1

[Event "9th Hainan Danzhou GM 2018"]
[Site "Danzhou"]
[Date "2018.07.28"]
[Round "2"]
[White "Le, Quang Liem"]
[Black "Duda, Jan-Krzysztof"]
[Result "1/2-1/2"]
[WhiteElo "2728"]
[BlackElo "2737"]
[Annotator "TA"]
[PlyCount "77"]
[EventDate "2018.07.27"]
[EventType "tourn"]
[EventCountry "CHN"]
[SourceTitle "playchess.com"]
[Source "ChessBase"]
[SourceQuality "1"]

{[%evp 17,77,40,49,20,23,17,22,16,45,0,0,-18,-18,-18,-18,-17,-10,-29,-16,-17,-17,-18,-21,-30,-10,-14,0,-12,0,0,0,0,0,0,0,0,0,-1,0,-12,-12,-14,0,0,0,0,0,0,0,0,0,0,0,0,0,0,0,0,0,0,0,0]} 1. c4 Nf6 2. Nc3 e5 3. Nf3 Nc6 4. e3 g6 5. d4 d6 6. Be2 Bg7 7. dxe5 Nxe5 8. Nxe5 dxe5 9. Qxd8+ Kxd8 {LiveBook: 19 Games} 10. e4 {A25: English Opening vs King's Indian with ...Nc6 but without early d3} Be6 $146 ({Predecessor:} 10... c6 11. f3 Be6 12. Be3 Kc7 13. O-O Nh5 14. g3 f5 15. Rad1 f4 16. Bf2 Bf6 17. g4 Ng7 {½-½ (33) Van Bentum,H-Braun,G (2370) Rostock 1978}) 11. Be3 Kc8 12. O-O c6 13. h3 h5 14. Rad1 Bh6 15. Bxh6 Rxh6 16. h4 Kc7 17. g3 Rhh8 18. Rd2 Rad8 19. Rfd1 Rxd2 20. Rxd2 a6 21. f3 {The position is equal.} b5 22. Nd1 b4 23. b3 Nd7 24. Nb2 Nc5 25. Kf2 a5 26. Nd3 Nxd3+ 27. Bxd3 $11 {[%mdl 4096] Endgame KRB-KRB} f6 28. a4 g5 29. Rd1 gxh4 30. gxh4 Rd8 31. Bc2 Rxd1 32. Bxd1 {KB-KB} Kd6 33. Ke3 Bf7 34. f4 c5 35. f5 Ke7 36. Be2 Kd6 37. Bd1 Ke7 38. Be2 Kd6 39. Bd1 {Precision: White = 67%, Black = 62%.} 1/2-1/2

[Event "9th Hainan Danzhou GM 2018"]
[Site "Danzhou"]
[Date "2018.07.28"]
[Round "2"]
[White "Shankland, Samuel"]
[Black "Wei, Yi"]
[Result "1/2-1/2"]
[WhiteElo "2727"]
[BlackElo "2729"]
[Annotator "TA"]
[PlyCount "66"]
[EventDate "2018.07.27"]
[EventType "tourn"]
[EventCountry "CHN"]
[SourceTitle "playchess.com"]
[Source "ChessBase"]
[SourceQuality "1"]

{[%evp 19,66,11,6,0,0,0,11,0,0,0,0,0,0,-10,0,0,2,0,0,0,0,0,0,0,0,0,0,0,0,0,0,0,4,0,6,6,6,4,6,2,4,3,5,4,4,0,4,0,4]} 1. d4 Nf6 2. c4 e6 3. Nc3 Bb4 4. Qc2 O-O 5. Bg5 c5 6. dxc5 Na6 {[%cal Bb8a6,Ba6c5,Bc5a4][%mdl 32]} 7. a3 Bxc3+ 8. Qxc3 Nxc5 9. Bxf6 Qxf6 10. Qxf6 gxf6 {LiveBook: 31 Games. The position is equal.} 11. Rd1 {E39: Nimzo-Indian: Classical: 4...c5 5 dxc5 0-0} (11. b4 Na4 12. e3 b6 13. Nf3 Ba6 14. Nd2 Rfc8 15. Ne4 Kf8 16. Be2 Ke7 17. Nd2 Rc7 18. e4 Rac8 19. Bd1 {0-1 (41) Mchedlishvili,M (2583)-Gelashvili,T (2612) Tbilisi 2007}) 11... a5 12. e3 Na4 13. b3 $146 ({Predecessor:} 13. Rb1 Rd8 14. Ne2 d5 15. cxd5 Rxd5 16. b3 Nc5 17. Nc3 Rd8 18. Bc4 Bd7 19. Ke2 Rac8 20. Rhc1 f5 21. f3 Kg7 22. Nb5 Be8 23. h3 e5 24. Na7 {½-½ (24) Korovnik,I (2292)-Vegjeleki,A (2301) ICCF email 2014}) 13... Nc5 14. b4 Na4 15. Rc1 b6 16. Ne2 Bb7 17. Nf4 Rfc8 18. Be2 b5 19. c5 axb4 20. axb4 d6 {[%cal Rd6c5]} 21. Bxb5 {[#] And now c6 would win.} dxc5 22. bxc5 Rxc5 23. Rxc5 Nxc5 24. O-O f5 25. h3 Nb3 26. Rd1 Ra1 27. Rxa1 Nxa1 $11 {[%mdl 4096] Endgame KBN-KBN} 28. Ba4 Be4 29. g4 fxg4 30. hxg4 Bc2 31. Bc6 Nb3 32. Ba4 Na1 33. Bc6 Nb3 {Precision: White = 67%, Black = 87%.} 1/2-1/2

[Event "9th Hainan Danzhou GM 2018"]
[Site "Danzhou"]
[Date "2018.07.28"]
[Round "2"]
[White "Fedoseev, Vladimir"]
[Black "Vidit, Santosh Gujrathi"]
[Result "1/2-1/2"]
[WhiteElo "2707"]
[BlackElo "2718"]
[Annotator "TA"]
[PlyCount "87"]
[EventDate "2018.07.27"]
[EventType "tourn"]
[EventCountry "CHN"]
[SourceTitle "playchess.com"]
[Source "ChessBase"]
[SourceQuality "1"]

{[%evp 27,87,6,13,13,9,0,0,0,0,0,41,20,36,11,11,10,14,18,12,12,16,21,16,0,0,0,0,0,0,-32,-41,-48,-39,-42,-50,-41,0,0,-14,-24,-8,0,-3,-66,-4,0,0,0,0,0,0,0,0,-353,0,0,0,0,0,0,0,5]} 1. d4 Nf6 2. c4 g6 3. g3 Bg7 4. Bg2 d5 5. cxd5 Nxd5 6. Nf3 Nb6 7. O-O Nc6 8. e3 O-O 9. Nc3 e5 10. d5 e4 11. dxc6 Qxd1 12. Rxd1 exf3 13. Bxf3 bxc6 14. Ne2 {D76: Fianchetto Grünfeld: Main Line with 7...Nb6} (14. Bd2 Nc4 15. Na4 Rb8 16. Bc3 Bxc3 17. bxc3 Ne5 18. Be2 Be6 19. Rd4 Nd7 20. Rad1 Nb6 21. Nc5 Nd5 22. Nxe6 fxe6 {1-0 (38) Tkachiev,V (2652)-Sutovsky,E (2637) Dresden 2007}) 14... Nc4 {LiveBook: 3 Games} 15. Nd4 Ne5 16. Bg2 Rb8 $146 ({Predecessor:} 16... Bg4 17. f3 c5 18. fxg4 Rad8 19. h3 cxd4 20. exd4 Nc4 21. b3 Rxd4 22. Bf4 Rfd8 23. Re1 Nb2 24. Bf1 Nd3 25. Bxd3 Rxf4 {½-½ (25) Donchenko,A (2463)-Vokarev,S (2500) Moscow 2003}) 17. Nxc6 Nxc6 18. Bxc6 Bxb2 19. Rb1 Rb6 20. Bf3 Bf6 21. Ba3 Rd8 22. Rxd8+ Bxd8 23. Rd1 Bf6 24. Bc5 Rb2 25. a3 a5 26. Rc1 Bh3 27. Bg2 Be6 28. h4 Ra2 29. Bf1 Rd2 30. e4 Bb2 31. Rb1 Ba2 32. Re1 Rc2 33. Re2 Rxc5 34. Rxb2 $11 {[%mdl 4096] Endgame KRB-KRB} Be6 35. Kg2 ({White should play} 35. Rb5 $11 Rc1 36. Kg2) 35... Rc1 ({Better is} 35... Rc3 $15) 36. Rb5 a4 37. Ra5 Bb3 38. Bb5 Ra1 39. Bxa4 Rxa3 40. Ra8+ Kg7 41. Bc6 {The position is equal.} Rxa8 42. Bxa8 Kf6 43. Kf3 Ke5 44. Ke3 {Precision: White = 63%, Black = 74%.} 1/2-1/2

[Event "9th Hainan Danzhou GM 2018"]
[Site "Danzhou"]
[Date "2018.07.29"]
[Round "3"]
[White "Duda, Jan-Krzysztof"]
[Black "Fedoseev, Vladimir"]
[Result "1/2-1/2"]
[WhiteElo "2737"]
[BlackElo "2707"]
[Annotator "TA"]
[PlyCount "128"]
[EventDate "2018.07.27"]
[EventType "tourn"]
[EventCountry "CHN"]
[SourceTitle "playchess.com"]
[Source "ChessBase"]
[SourceQuality "1"]

{[%evp 9,127,29,21,21,21,28,21,27,27,17,18,24,10,17,29,24,27,11,16,9,16,10,50,44,17,0,0,0,0,0,120,123,98,89,180,161,159,170,252,239,238,237,248,234,377,377,341,108,320,325,350,369,366,358,361,362,336,299,316,184,200,0,297,0,250,-83,249,250,250,243,231,241,250,248,235,231,216,137,187,185,172,71,89,66,89,0,197,0,34,34,34,34,34,37,60,0,18,0,60,0,0,0,0,0,0,0,0,0,0,0,0,0,0,0,0,0,0,0,0,-1294]} 1. d4 d5 2. c4 e6 3. Nc3 a6 4. cxd5 exd5 5. Qb3 Nf6 6. Bg5 {D31: Queen's Gambit Declined: Semi-Slav without ...Nf6 (+ Marshall Gambit and Noteboom) and Exchange Variation lines without ...Nf6} c6 7. e3 Be7 8. Bd3 $146 {The position is equal.} ({Predecessor:} 8. Nf3 Nbd7 9. Bd3 h6 10. Bf4 Nh5 11. Bg3 O-O 12. Rd1 Re8 13. O-O {½-½ (13) Levin,F (2475)-Landa,K (2604) Paderborn 2017}) 8... O-O 9. Nge2 Nbd7 {[%cal Bb8d7,Bd7b6,Bb6c4,Bc4b2][%mdl 32]} 10. Qc2 h6 11. Bh4 $1 {[%cal Bg5h4,Bh4g3,Bg3f4][%mdl 32]} Ne8 12. Bg3 Nb6 13. h3 Bd6 14. Bf4 a5 15. g4 Qh4 16. Rg1 Nc4 17. Rg3 $36 {[%mdl 2048] White is pushing.} b5 18. O-O-O a4 19. Rdg1 a3 (19... Be7 $1 $11 {remains equal.}) 20. b3 $16 Nb2 21. g5 hxg5 (21... Ra7 $16 {might work better.}) 22. Bxd6 $18 (22. Rxg5 Nxd3+ 23. Qxd3 Be7 $11) 22... Nxd6 23. Rxg5 Rd8 (23... Nxd3+ $142 24. Qxd3 Kh8) 24. Rxg7+ Kf8 25. Nf4 Nxd3+ 26. Qxd3 Qxf2 (26... Bf5 {was worth a try.} 27. Qf1 Bh7) 27. R7g2 Qh4 28. Rg8+ Ke7 {Threatens to win with ...Rxg8.} 29. Ng6+ $1 (29. Ncxd5+ cxd5 30. Nxd5+ Ke6 $14) 29... fxg6 30. Rg7+ Nf7 31. Rxf7+ $1 Kxf7 32. Qxg6+ Ke7 33. Qg7+ Ke8 {White must now prevent ...Be6.} 34. Qe5+ (34. Rf1 $142 {[%csl Gg7][%cal Rf1f8]} Qe7 35. Qg6+ Kd7 36. Rf7) 34... Kf7 (34... Qe7 $2 35. Rg8+ Kd7 36. Rg7 $18) 35. Qg7+ (35. Rg7+ $142 $1 Kf8 36. Rg5) 35... Ke8 36. Qe5+ Kf7 $1 (36... Qe7 $2 37. Rg8+ Kd7 38. Rg7 $18) 37. Rg7+ $1 Kf8 {[#] ...Re8 is the strong threat.} 38. Rg5 $1 {White wants to mate with Qg7+.} Be6 {[#]} ({Stronger than} 38... Qe1+ 39. Nd1 Qg3 40. Qf6+ Ke8 41. Rxg3 Bg4 42. Rxg4 Rdb8 43. Rg8+ Kd7 44. Rg7+ Ke8 45. Qe7#) 39. Rh5 $1 {[%cal Rh5h4]} (39. Qf6+ $6 Bf7 $16) 39... Qxh5 ({But not} 39... Qf2 $2 40. Qxe6 Qb2+ 41. Kd1 $18) 40. Qxh5 Ke7 41. Qg5+ Kd7 {Black wants to play ...Rg8.} 42. Qg7+ Kc8 43. h4 Rg8 44. Qe7 Bd7 45. h5 (45. Qd6 $18) 45... Kc7 $16 46. Ne2 Rae8 $1 {[%cal Re8e7]} 47. Qc5 ({Of course not} 47. Qxa3 $6 Ra8 $11) ({Better is} 47. Qf6 $16) 47... Kb7 $2 (47... Rg2 $1 $11 48. Nf4 Rg1+ 49. Kd2 Kb7 50. Qxa3 Bg4) 48. Qxa3 $2 (48. Nf4 $18) 48... Rxe3 49. Nf4 {Hoping for Qd6.} Ra8 $1 {[%cal Ra8a3]} 50. Qd6 Rxa2 {[%cal Re3e1]} 51. Qxd7+ Kb8 {[%cal Re3e1]} 52. Kd1 (52. Qd8+ $14 Kb7 53. Kd1 Rxb3 54. Qd7+ Kb6 55. Qd8+ Kb7 56. Qd7+ Kb6 57. Qd8+ Kb7) 52... Rxb3 {[%cal Rb3b1]} 53. Qe8+ Kb7 {[%cal Rb3b1]} 54. Qe7+ ({White should try} 54. Kc1 $1 $14 Rf3 55. Kb1) 54... Ka6 $11 {[%cal Rb3b1]} 55. Ne2 Rh3 {( -> ...Rh1+)} (55... Rf3 $5 56. Ke1 $8 Ra1+ 57. Kd2 Ra2+ 58. Ke1 Ra1+ 59. Kd2 Ra2+ 60. Ke1 $11) 56. Ke1 {aiming for Qe8.} Rxh5 57. Qc7 Rh1+ 58. Kf2 Rc2 {Threatening ...Rd1.} 59. Kf3 Rf1+ 60. Ke3 Re1 61. Kd3 $1 {[%cal Rd3c2]} Rcxe2 62. Qxc6+ Ka5 {With the idea ...Re3+.} 63. Qc3+ Ka4 $2 {[%mdl 8192]} (63... b4 64. Qxb4+ Kxb4) 64. Qb4+ Kxb4 {Precision: White = 69%, Black = 69%.} 1/2-1/2